000 02375cam a22003371i 4500
003 SA-RiAUC
005 20250103153222.0
008 250102s2021 su g 000 0 ara c
020 _a9789933503055
040 _aSA-JeALM
_bara
_cSA-RiAUC
_erda
082 0 4 _a234.6
_qSA-RiAUC
090 _a234.6
_bا ب ن ح
100 1 _aابن حجر العسقلاني، أحمد بن علي بن محمد،
_d773-852 هجري
_eمؤلف.
245 1 0 _aتقريب التهذيب /
_cللإمام الحافظ شهاب الدين أبي الفضل أحمد بن علي بن حجر العسقلاني الشافعي. ومعه، حاشيتا عبد الله بن سالم البصري، محمد أمين مرغني / قابلها بأصول مؤلفيها وقدم لها دراسة وافية محمد عوامة.
250 _aالطبعة الثامنة.
264 1 _aجدة، السعودية :
_aالمدينة المنورة :
_bدار المنهاج،
_bدار اليسر.
_c2009
300 _a803 صفحة ؛
_c24 سم
336 _aنص
_btxt
_2rdacontent
_3كتاب
337 _aبدون وسيط
_bn
_2rdamedia
338 _aمجلد
_bnc
_2rdacarrier
650 7 _aالحديث
_xالجرح والتعديل
_2aucsh
650 7 _aالحديث
_xتراجم الرواة
_2aucsh
700 1 2 _aابن حجر العسقلاني، أحمد بن علي بن محمد،
_d773-852 هجري.
_iتعليق على (عمل) :
_tتقريب التهذيب.
700 1 2 _iمختصر لـ (عمل) :
_aابن حجر العسقلاني، أحمد بن علي بن محمد،
_d773-852 هجري.
_tتهذيب التهذيب.
700 1 2 _iتهذيب لـ (عمل) :
_aالحافظ المزي، يوسف بن عبد الرحمن بن يوسف،
_d654-742 هجري.
_tتهذيب الكمال في أسماء الرجال.
700 1 2 _aالجماعيلي، عبد الغني بن عبد الواحد بن علي،
_d541-600 هجري.
_iتهذيب لـ (عمل) :
_tالكمال في أسماء الرجال.
700 1 2 _aالبصري، عبد الله بن سالم بن محمد،
_d1048-1134 هجري.
_iمع (عمل) :
_tحاشية على تقريب التهذيب.
700 1 2 _aالميرغني، محمد أمين بن حسن،
_dتوفي بعد 1144 هجري
_iمع (عمل) :
_tحاشية على تقريب التهذيب.
942 _2ddc
_cBOOK
_n0
949 _aSA-JeALM
_d250102
_uosman123
_n1
999 _c4400
_d4400